Tekst piosenki: Hotel Maffija - Bungee - Statystyki

Ogólne statystyki
  • Ten quiz został rozwiązany 348 razy
    298 od ostatniego zresetowania
  • Średni wynik to 32 z 94
Statystyki odpowiedzi
Zwrotka Tekst % Poprawnych
2 Na luźnej gumie jak Bungee
93%
8 Na luźnej gumie jak Bungee
93%
10 Na luźnej gumie jak Bungee
93%
16 Na luźnej gumie jak Bungee
93%
17 Na luźnej gumie jak Bungee
93%
42 Na luźnej gumie jak Bungee
93%
48 Na luźnej gumie jak Bungee
93%
50 Na luźnej gumie jak Bungee
93%
56 Na luźnej gumie jak Bungee
93%
88 Na luźnej gumie jak Bungee
93%
94 Na luźnej gumie jak Bungee
93%
1 Autokar wjeżdża na parking
81%
9 Autokar wjeżdża na parking
81%
41 Autokar wjeżdża na parking
81%
49 Autokar wjeżdża na parking
81%
87 Autokar wjeżdża na parking
81%
4 Łysi i dobrze ubrani
65%
12 Łysi i dobrze ubrani
65%
44 Łysi i dobrze ubrani
65%
52 Łysi i dobrze ubrani
65%
90 Łysi i dobrze ubrani
65%
3 Normalne chłopaki z mafii
63%
11 Normalne chłopaki z mafii
63%
43 Normalne chłopaki z mafii
63%
51 Normalne chłopaki z mafii
63%
89 Normalne chłopaki z mafii
63%
5 Za płotem czekają fanki
62%
13 Za płotem czekają fanki
62%
45 Za płotem czekają fanki
62%
53 Za płotem czekają fanki
62%
91 Za płotem czekają fanki
62%
18 Wygrałem sobie dwie walki
60%
24 Nie bita jak Pasut
40%
20 To Cię zapraszam na dziarki
40%
23 Limona M-pakiet
39%
7 Chuj, potem wrzucą do pralki
36%
15 Chuj, potem wrzucą do pralki
36%
47 Chuj, potem wrzucą do pralki
36%
55 Chuj, potem wrzucą do pralki
36%
93 Chuj, potem wrzucą do pralki
36%
6 Błotem ujebane Nike'i
34%
14 Błotem ujebane Nike'i
34%
46 Błotem ujebane Nike'i
34%
54 Błotem ujebane Nike'i
34%
92 Błotem ujebane Nike'i
34%
30 Lanek jest jak wino
29%
27 Bandura nie jest głupi
26%
28 Z nim Dzinold
24%
19 Ja-Jak lubisz niespodzianki
19%
29 Z pięć lat temu bym tego nie nawinął
18%
37 My też
11%
22 Normalnych chłopaków
11%
36 Twoja ekipa to pijaki
11%
21 Ma-mam za sobą mafię
10%
31 Oglądał vlogi z dziewczyną
10%
32 Let's go
9%
34 Ty zakuty łeb, ja Anakin
9%
59 Ze mną te łyse karki
9%
38 Ale każdy z nas coś potrafi
8%
26 Bomboclaat na okładce Vibe
8%
33 Bounce'u tu nie czają Polaki
8%
58 Spokojny jestem, ale lwa się nie drażni
8%
25 SB Mafia class X style
7%
35 W tym roomie są tylko piraci
7%
67 My to takie Genzie
6%
60 No i duży pan z bramki
6%
65 Jeśli nie ma prawa rapować youtuber
5%
61 Nowy sezon to Bungee
5%
63 Siedzę zjarany w studio
5%
68 Tylko dla patusów w dojebanej furze
5%
69 Mamy na zero fryzure
4%
39 Tak zakodowane jak ChatGPT
4%
71 Suki nim hipnotyzuje
3%
66 To sam idź to powiedz Bandurze
3%
40 Zakodowane jest DNA S-SB Mafii
3%
70 A na karku mam diamentowy amulet
2%
57 E-ej, młody Bandura otwiera bagażnik
2%
62 Pa-pacyfiści jak Gandhi
2%
72 Za, za łańcuchem suki sznurem
2%
64 Cho-chociaż nie jarałem Ganji
1%
83 I nagrywać ten Bungee song?
1%
73 Kiedy wchodzimy wasze akcje skaczą na Bungee
1%
82 Postanowią nad morze wyjechać
1%
77 Po wszystkim bierzemy nagrodę
1%
74 Robimy numer se z Bungee na hotel
1%
78 A ty sukces to odnosisz
0%
75 A wy możecie na banjo na potem
0%
85 Dobrze, że w końcu nie doszło do naszej walki na Fame'ie
0%
84 Jak tak patrzę Bandura wielkie chłopisko
0%
80 Kto kiedykolwiek się mógł spodziewać
0%
86 No bo zarobił bym z milion
0%
76 Pijemy ponczo, na bando robimy robotę
0%
79 Tylko kiedy go odnosisz do gabloty mojej
0%
81 Że SBM, Dzinold, Bungee, TomB
0%
Nie znaleziono quizów pasujących do podanych kryteriów
Rozkład punktacji
Procent ludzi z każdym wynikiem
Percentyl według liczby udzielonych odpowiedzi
Twoja historia wyników
Nie rozwiązałeś tego quizu od ostatniego zresetowania